| 000 | 00393nam a22001697a 4500 | ||
|---|---|---|---|
| 005 | 20180223172012.0 | ||
| 008 | 160620b xxu||||| |||| 00| 0 eng d | ||
| 020 | _a0-07-113964-8 | ||
| 041 | _aeng | ||
| 082 |
_b8569 _a330.015 195 |
||
| 100 |
_aGujarati, Damodar N _92329 |
||
| 245 | _aBasic Econometrics | ||
| 260 |
_bTMH _c1995 |
||
| 300 | _a754 | ||
| 650 |
_aManagement _9241 |
||
| 942 | _cBK | ||
| 999 |
_c3293 _d3292 |
||